[Event "Campeonato Brasileiro Amador 2019 U1800"]
[Site "Sao Paulo"]
[Date "2019.06.20"]
[Round "1.26"]
[White "Canonico, Rodrigo"]
[Black "Loss, Victor Pinheiro Cost"]
[Result "1/2-1/2"]
[WhiteElo "1714"]
[BlackElo "1412"]
[PlyCount "116"]
[EventDate "2019.06.20"]

1. e4 c5 2. d4 cxd4 3. c3 g6 4. cxd4 d5 5. e5 Bf5 6. Nc3 Nc6 7. Nge2 Bg7 8. Ng3
Bc8 9. Bb5 e6 10. O-O h5 11. Be3 h4 12. Nge2 Nge7 13. Bg5 a6 14. Ba4 b5 15. Bc2
Qb6 16. Qd2 Qb7 17. Qf4 h3 18. gxh3 b4 19. Nd1 Qb5 20. Qf3 Nf5 21. Bd3 Qb6 22.
Bxf5 gxf5 23. Qe3 Bb7 24. h4 Kd7 25. f3 a5 26. Nf2 Bxe5 27. dxe5 Qxe3 28. Bxe3
Nxe5 29. Nh1 Rag8+ 30. Nhg3 Ba6 31. Rf2 Nxf3+ 32. Rxf3 Bxe2 33. Rf4 Bd3 34. Bd4
Rh6 35. Kf2 f6 36. Rf3 Be4 37. Nxe4 fxe4 38. Rg3 Rxg3 39. hxg3 e5 40. Bb6 a4
41. b3 f5 42. Bc5 Rc6 43. Bxb4 Rc2+ 44. Kf1 axb3 45. axb3 f4 46. g4 d4 47. Ra5
Rc1+ 48. Be1 d3 49. Rxe5 Kd6 50. Rxe4 Kd5 51. Re8 Rb1 52. Kf2 Rxb3 53. Bd2 Rb2
54. Ke1 Rb1+ 55. Kf2 Rb2 56. Rd8+ Ke4 57. Re8+ Kd5 58. Ke1 Rb1+ 1/2-1/2

[Event "Campeonato Brasileiro Amador 2019 U1800"]
[Site "Sao Paulo"]
[Date "2019.06.20"]
[Round "1.27"]
[White "Deste, Jair Francisco"]
[Black "Rodrigues Mota, Romulo Cardoso S"]
[Result "0-1"]
[WhiteElo "1394"]
[BlackElo "1712"]
[PlyCount "46"]
[EventDate "2019.06.20"]

1. c4 Nf6 2. Nc3 e6 3. d3 Bb4 4. Bd2 d5 5. Qa4+ Nc6 6. cxd5 Nxd5 7. e4 Nb6 8.
Qc2 Bd7 9. a3 Nd4 10. Qc1 Nb3 11. Qd1 Bxc3 12. Qxb3 Bxd2+ 13. Kxd2 Ba4 14. Qc3
Qd7 15. b3 Bc6 16. Qxg7 O-O-O 17. f3 Rhg8 18. Qxh7 Rxg2+ 19. Bxg2 Qxd3+ 20. Ke1
Qd2+ 21. Kf1 Bb5+ 22. Ne2 Qxe2+ 23. Kg1 Qe3# 0-1

[Event "Campeonato Brasileiro Amador 2019 U1800"]
[Site "Sao Paulo"]
[Date "2019.06.20"]
[Round "1.28"]
[White "Parijos De Melo, Luiz Claudio"]
[Black "De Almeida, Jose Fernando Antune"]
[Result "1-0"]
[WhiteElo "1706"]
[BlackElo "1357"]
[PlyCount "61"]
[EventDate "2019.06.20"]

1. e4 c6 2. d4 d5 3. Nd2 dxe4 4. Nxe4 Bf5 5. Ng3 Bg6 6. Nf3 Nd7 7. h4 h6 8. h5
Bh7 9. Bd3 Bxd3 10. Qxd3 e6 11. Bf4 Ne7 12. O-O-O Nd5 13. Bd2 Bd6 14. a3 Qc7
15. Ne4 Bf4 16. g3 Bxd2+ 17. Rxd2 O-O 18. c4 Ne7 19. Kb1 Rfd8 20. Qc3 b6 21.
Rh4 f5 22. d5 cxd5 23. cxd5 Qxc3 24. Nxc3 e5 25. d6 Nc6 26. Rc4 Na5 27. Rc7 Nb3
28. Rd1 e4 29. Nh4 Nf6 30. Nxf5 Nxh5 31. Nxe4 1-0

[Event "Campeonato Brasileiro Amador 2019 U1800"]
[Site "Sao Paulo"]
[Date "2019.06.20"]
[Round "1.30"]
[White "Lima, Vinicius Taishun"]
[Black "Kajiwara, Joao Kazuyuki"]
[Result "1-0"]
[WhiteElo "1703"]
[BlackElo "1316"]
[PlyCount "69"]
[EventDate "2019.06.20"]

1. e4 c5 2. Nf3 g6 3. d4 cxd4 4. Nxd4 Bg7 5. f4 Nc6 6. Nf3 Nf6 7. Nc3 O-O 8.
Bd3 Qb6 9. Qe2 Nd4 10. Nxd4 Qxd4 11. Be3 Qb4 12. Rb1 Nxe4 13. O-O Nxc3 14. bxc3
Qxc3 15. Rb3 Qc7 16. Be4 Rb8 17. Bxa7 Ra8 18. Bb6 Qb8 19. c4 Ra6 20. c5 d6 21.
Kh1 Be6 22. Rbb1 Rxa2 23. Qf3 Bc4 24. Rfc1 Ba6 25. Qb3 Re2 26. Bf3 Re6 27. Qb4
Rf6 28. cxd6 exd6 29. Bc7 Qa7 30. Bxd6 Rc8 31. Be5 Rxc1+ 32. Rxc1 Rf5 33. Bg4
Rxe5 34. fxe5 Bxe5 35. Rc8+ 1-0

[Event "Campeonato Brasileiro Amador 2019 U1800"]
[Site "Sao Paulo"]
[Date "2019.06.20"]
[Round "1.31"]
[White "De Sousa E Silva, Luis Gonzaga"]
[Black "Sousa, Fabio De Fatima"]
[Result "0-1"]
[WhiteElo "1298"]
[BlackElo "1695"]
[PlyCount "61"]
[EventDate "2019.06.20"]

1. Nf3 Nf6 2. g3 d5 3. Bg2 g6 4. d3 Bg7 5. O-O O-O 6. Nbd2 Nbd7 7. e4 dxe4 8.
Nxe4 Nxe4 9. dxe4 Nc5 10. Rb1 Qxd1 11. Rxd1 Nxe4 12. Re1 f5 13. Ng5 Nxg5 14.
Bxg5 e5 15. c3 c6 16. Rbd1 Be6 17. a3 h6 18. Be7 Rfe8 19. Bd6 Bb3 20. Rd2 Rad8
21. Re3 Bf8 22. c4 Bxc4 23. Rc2 Ba6 24. Bb4 Bxb4 25. axb4 Rd1+ 26. Bf1 Bxf1 27.
Rd2 Rxd2 28. Kxf1 Rxb2 29. Rd3 Re7 30. Rd6 Kg7 31. h3 0-1

[Event "Campeonato Brasileiro Amador 2019 U1800"]
[Site "Sao Paulo"]
[Date "2019.06.20"]
[Round "2.1"]
[White "Vitielo, Alecio Elias"]
[Black "Parijos De Melo, Luiz Claudio"]
[Result "1/2-1/2"]
[WhiteElo "1799"]
[BlackElo "1706"]
[PlyCount "136"]
[EventDate "2019.06.20"]

1. d4 Nf6 2. Bg5 Ne4 3. Bf4 c5 4. d5 Qa5+ 5. c3 d6 6. Nd2 Nf6 7. e4 g6 8. Be2
Bg7 9. Ngf3 O-O 10. O-O Bd7 11. Re1 b5 12. Bd3 Na6 13. Qe2 c4 14. Bc2 Nc5 15.
a4 Qc7 16. axb5 Bxb5 17. Nd4 a6 18. Nxc4 Nh5 19. Be3 Nxe4 20. Nxb5 axb5 21. Na3
Nxc3 22. bxc3 Bxc3 23. Nxb5 Rxa1 24. Rxa1 Qc8 25. Rc1 Bb2 26. Rb1 Be5 27. g3
Qh3 28. Be4 Rc8 29. Nd4 Nf6 30. Bg2 Qd7 31. f4 Bxd4 32. Bxd4 Nh5 33. Re1 Qa4
34. Ba1 Qa7+ 35. Kh1 Rc7 36. Qb2 Nf6 37. Rc1 Rb7 38. Qc2 Qe3 39. Bxf6 exf6 40.
Rb1 Re7 41. Qd1 Qf2 42. Qf1 Qc2 43. Re1 Rc7 44. Kg1 Kg7 45. Qe2 Qb3 46. Be4 f5
47. Rb1 Qa4 48. Qb2+ Kh6 49. Bd3 Qa7+ 50. Qf2 Qa3 51. Rd1 Rc3 52. Be2 Rc2 53.
Re1 Qa2 54. Qf3 Rd2 55. g4 fxg4 56. Qxg4 Qxd5 57. h4 Qd4+ 58. Kf1 Ra2 59. Qg5+
Kg7 60. h5 h6 61. Qg3 Ra5 62. Rd1 Qc5 63. hxg6 Ra3 64. Bd3 Qh5 65. gxf7+ Kxf7
66. Bc4+ d5 67. Bxd5+ Qxd5 68. Rxd5 Rxg3 1/2-1/2

[Event "Campeonato Brasileiro Amador 2019 U1800"]
[Site "Sao Paulo"]
[Date "2019.06.20"]
[Round "2.2"]
[White "Sousa, Fabio De Fatima"]
[Black "Soares, Gustavo Henrique"]
[Result "1-0"]
[WhiteElo "1695"]
[BlackElo "1799"]
[PlyCount "147"]
[EventDate "2019.06.20"]

1. d4 d5 2. c4 e6 3. Nf3 Nf6 4. g3 b6 5. Bg2 Bb7 6. O-O Be7 7. Nbd2 O-O 8. Qc2
Nbd7 9. b3 dxc4 10. bxc4 c5 11. e3 cxd4 12. exd4 Qc7 13. Bb2 Bd6 14. Rac1 Rac8
15. Qd3 Rfe8 16. Rfe1 Qb8 17. Ba3 Bxa3 18. Qxa3 Qa8 19. Nh4 Bxg2 20. Nxg2 e5
21. d5 b5 22. d6 bxc4 23. Nxc4 Rc5 24. Nge3 Ne4 25. Nf5 Ng5 26. Nd2 Rxc1 27.
Rxc1 Nh3+ 28. Kf1 Qh1+ 29. Ke2 Qxh2 30. Qxa7 Nf6 31. Nf3 Nf4+ 32. gxf4 Qxf4 33.
Ne7+ Kf8 34. Qe3 Qa4 35. a3 Qa6+ 36. Ke1 Qxd6 37. Nf5 Qd5 38. Qc5+ Qxc5 39.
Rxc5 Ra8 40. Nxe5 g6 41. Nh6 Rxa3 42. Rc7 Ne4 43. Rxf7+ Ke8 44. Rf4 Nxf2 45.
Kxf2 Ra2+ 46. Kg3 Ke7 47. Nf3 Ke6 48. Rf7 Ra3 49. Rxh7 Rb3 50. Rg7 Kf6 51. Rf7+
Ke6 52. Rf8 Ra3 53. Ng4 Rb3 54. Rf6+ Kd5 55. Rxg6 Ke4 56. Rf6 Kd5 57. Rf5+ Kd6
58. Kh4 Rb8 59. Kg5 Rg8+ 60. Kf4 Rg7 61. Ng5 Kc6 62. Ne6 Ra7 63. Nd4+ Kb7 64.
Rb5+ Ka8 65. Nc6 Rf7+ 66. Ke3 Rf3+ 67. Kd4 Rf4+ 68. Kd3 Rf3+ 69. Kd4 Rf4+ 70.
Kd5 Rf5+ 71. Nge5 Rf8 72. Ra5+ Kb7 73. Ra7+ Kb6 74. Nd7+ 1-0

[Event "Campeonato Brasileiro Amador 2019 U1800"]
[Site "Sao Paulo"]
[Date "2019.06.20"]
[Round "2.3"]
[White "Nobre, Jailson Altair Barbo"]
[Black "Vieira, Paulo Cesar"]
[Result "1/2-1/2"]
[WhiteElo "1695"]
[BlackElo "1794"]
[PlyCount "142"]
[EventDate "2019.06.20"]

1. e4 c5 2. Nf3 e6 3. d3 a6 4. Nbd2 Qc7 5. g3 Nc6 6. Bg2 d6 7. O-O Be7 8. Re1
Nf6 9. c3 O-O 10. Nf1 b5 11. Qe2 Bb7 12. d4 cxd4 13. cxd4 Rfe8 14. a3 Na5 15.
e5 Nd5 16. Bg5 dxe5 17. dxe5 Rac8 18. Rac1 Qd8 19. h4 Nc4 20. N1h2 h6 21. Bxe7
Qxe7 22. Rc2 Rc7 23. Rec1 Rec8 24. Nd4 Ncb6 25. Qh5 Rxc2 26. Rxc2 Rxc2 27. Nxc2
Qc7 28. Be4 Ne7 29. Bxb7 Qxb7 30. Ne3 Qe4 31. Nhg4 Nbd5 32. Kh2 Ng6 33. Nxd5
exd5 34. b4 Kh7 35. f4 Qe2+ 36. Kh3 Qf1+ 37. Kh2 d4 38. Qf5 Qe2+ 39. Kh3 Qf1+
40. Kh2 Qe2+ 41. Kg1 Qe1+ 42. Kg2 Qe2+ 43. Nf2 Kg8 44. h5 Nf8 45. Qe4 Qb2 46.
f5 Qxa3 47. Qxd4 a5 48. bxa5 Qxa5 49. Qd5 Qb6 50. Ne4 b4 51. Nd6 Qc7 52. Qc4
Qxc4 53. Nxc4 b3 54. Kf3 Nd7 55. Kf4 Nc5 56. Nb2 Kf8 57. f6 Ne6+ 58. Kf5 Nd4+
59. Ke4 Ne6 60. Kd3 Ng5 61. Nc4 Nf3 62. Kc3 gxf6 63. exf6 Ng5 64. Nd6 Nh7 65.
Ne4 Ke8 66. Nd6+ Kd7 67. Nxf7 Nxf6 68. Nxh6 Nxh5 69. g4 Nf6 70. Kxb3 Ke6 71. g5
Ne4 1/2-1/2

[Event "Campeonato Brasileiro Amador 2019 U1800"]
[Site "Sao Paulo"]
[Date "2019.06.20"]
[Round "2.4"]
[White "Da Silva, Joao Carlos Orguim"]
[Black "Lima, Vinicius Taishun"]
[Result "1/2-1/2"]
[WhiteElo "1793"]
[BlackElo "1703"]
[PlyCount "173"]
[EventDate "2019.06.20"]

1. d4 d5 2. c4 Bf5 3. cxd5 Bxb1 4. Rxb1 Qxd5 5. Qa4+ c6 6. Nf3 Nf6 7. e3 e6 8.
Qc4 Nbd7 9. Qxd5 cxd5 10. Bd3 Bd6 11. O-O O-O 12. Bd2 Rac8 13. Rfc1 h6 14. Rxc8
Rxc8 15. Rc1 Rxc1+ 16. Bxc1 a6 17. Nd2 Nb8 18. f3 Nc6 19. Kf2 Kf8 20. a3 Ke7
21. b4 b5 22. g3 Kd8 23. Nb3 Nd7 24. Nc5 Nxc5 25. dxc5 Bc7 26. f4 f6 27. Ke1
Kd7 28. Kd1 Ne7 29. Bb2 Kc6 30. Kc2 Bb8 31. e4 Bc7 32. Bd4 Bb8 33. Kd2 Bc7 34.
Ke2 Bb8 35. Kf3 Kb7 36. exd5 exd5 37. h4 Kc6 38. g4 Kd7 39. g5 Ke6 40. gxh6
gxh6 41. Kg4 f5+ 42. Kg3 Ng6 43. Be3 Ne7 44. Bc1 Bc7 45. h5 Nc6 46. Bb2 d4 47.
Be2 Kd7 48. Bd3 Ke6 49. Kf3 Bd8 50. Bc2 Bf6 51. Bb3+ Kd7 52. Kf2 Bg7 53. Ke1
Bf6 54. Kd2 Bh4 55. Kd3 Bg3 56. Bc1 Bf2 57. Bd5 Bg1 58. Bd2 Bf2 59. Ke2 Bg3 60.
Kf3 Bh4 61. Ke2 Bg3 62. Bf3 Kc7 63. Kd3 Bf2 64. Bg2 Kd7 65. Kc2 Bg3 66. Kb3 Bf2
67. Bf1 Na7 68. Bd3 Ke6 69. Be2 Kd7 70. Kc2 Bg3 71. a4 Bh4 72. axb5 axb5 73.
Bf3 Nc6 74. Be2 Na7 75. Bf3 Nc6 76. Kd3 Bf2 77. Ke2 Bg3 78. Bxc6+ Kxc6 79. Kd3
Bf2 80. Bc1 Kd5 81. Bd2 Kc6 82. Ke2 Bg3 83. Kd3 Bf2 84. Bc1 Kd5 85. Bd2 Kc6 86.
Ke2 Bg3 87. Kd3 1/2-1/2

[Event "Campeonato Brasileiro Amador 2019 U1800"]
[Site "Sao Paulo"]
[Date "2019.06.20"]
[Round "2.5"]
[White "De Sousa, Alex Aecio"]
[Black "Rezende, Uelton Fabricius Alv"]
[Result "1-0"]
[WhiteElo "1692"]
[BlackElo "1778"]
[PlyCount "78"]
[EventDate "2019.06.20"]

1. c4 Nf6 2. g3 g6 3. Bg2 Bg7 4. e4 e5 5. Ne2 O-O 6. Nbc3 c6 7. O-O d6 8. h3
Re8 9. d3 Be6 10. f4 exf4 11. gxf4 Qc8 12. Kh2 Nh5 13. Be3 f5 14. Nd4 Bd7 15.
Qd2 Nxf4 16. Rxf4 Be5 17. Nf3 Qd8 18. Kh1 g5 19. Nxg5 Bxf4 20. Bxf4 Qf6 21. Rf1
h6 22. Nf3 Kh7 23. Qf2 fxe4 24. Nh4 exd3 25. Be4+ Rxe4 26. Nxe4 Qe6 27. Qf3
Qxh3+ 28. Qxh3 Bxh3 29. Rf3 Be6 30. Nxd6 Nd7 31. Rxd3 Nc5 32. Re3 a5 33. Nxb7
Ra7 34. Nxc5 Bxc4 35. b3 Bg8 36. Nf5 Rf7 37. Re7 Kg6 38. Rxf7 Bxf7 39. Nxh6
Bd5+ 1-0

[Event "Campeonato Brasileiro Amador 2019 U1800"]
[Site "Sao Paulo"]
[Date "2019.06.20"]
[Round "2.6"]
[White "Abilhoa, Gustavo Auer"]
[Black "Sanchez, Ivan Roberto"]
[Result "1-0"]
[WhiteElo "1767"]
[BlackElo "1691"]
[PlyCount "99"]
[EventDate "2019.06.20"]

1. d4 Nf6 2. c4 g6 3. Nc3 Bg7 4. e4 d6 5. Be2 O-O 6. h4 e5 7. d5 h6 8. Be3 Kh7
9. g4 Ng8 10. g5 f5 11. gxh6 Bf6 12. Bg5 Bxg5 13. hxg5 Qxg5 14. Nf3 Qf6 15.
exf5 Bxf5 16. Qd2 Nd7 17. Ng5+ Kh8 18. Nce4 Bxe4 19. Nxe4 Qf4 20. Qe3 Qxe3 21.
fxe3 Ngf6 22. Ng5 Nh7 23. Ne6 Rfc8 24. Bd3 Ndf8 25. Nxf8 Nxf8 26. Ke2 Re8 27.
Be4 Re7 28. Raf1 g5 29. Rfg1 Nh7 30. Bxh7 Kxh7 31. Rxg5 Rg8 32. Rxg8 Kxg8 33.
Rf1 Kh7 34. Rf6 Rd7 35. b4 c6 36. Kf3 cxd5 37. cxd5 b5 38. Ke4 a6 39. Kf5 Rd8
40. Ke6 e4 41. Rf7+ Kxh6 42. Rd7 Ra8 43. Rxd6 a5 44. Rb6 axb4 45. Ke5+ Kg7 46.
Rxb5 Rxa2 47. Rxb4 Ra8 48. Rb7+ Kf8 49. Kxe4 Ra1 50. Ke5 1-0

[Event "Campeonato Brasileiro Amador 2019 U1800"]
[Site "Sao Paulo"]
[Date "2019.06.20"]
[Round "2.7"]
[White "Teramoto, Anderson"]
[Black "Fischer Schilling, Ian"]
[Result "1/2-1/2"]
[WhiteElo "1674"]
[BlackElo "1763"]
[PlyCount "87"]
[EventDate "2019.06.20"]

1. d4 Nf6 2. c4 g6 3. Nc3 Bg7 4. Nf3 O-O 5. g3 d6 6. Bg2 Nc6 7. O-O e5 8. dxe5
dxe5 9. Bg5 Be6 10. Nd2 h6 11. Bxf6 Bxf6 12. Nd5 Bg7 13. e3 f5 14. Nb3 e4 15.
Rb1 Ne5 16. Nc5 Bc8 17. b3 b6 18. Na4 c6 19. Nf4 Qe7 20. Qe2 g5 21. Nh3 c5 22.
Kh1 Bb7 23. Rbc1 Nd3 24. Rc2 Rad8 25. Rd1 g4 26. Nf4 Nxf2+ 27. Qxf2 Rxd1+ 28.
Bf1 Rfd8 29. Kg2 Qd7 30. Nd5 Kh8 31. Be2 Ra1 32. Nac3 h5 33. Qf4 Qf7 34. h3 b5
35. hxg4 hxg4 36. Bxg4 b4 37. Nxe4 Bxd5 38. cxd5 Qxd5 39. Bxf5 Kg8 40. Qg4 Re8
41. Rxc5 Rxa2+ 42. Kh3 Qxb3 43. Nf6+ Kf8 44. Nh7+ 1/2-1/2

[Event "Campeonato Brasileiro Amador 2019 U1800"]
[Site "Sao Paulo"]
[Date "2019.06.20"]
[Round "2.8"]
[White "Saito, Helio Tsutomu"]
[Black "Barbosa, Luiz Francisco Da Si"]
[Result "1/2-1/2"]
[WhiteElo "1668"]
[BlackElo "1762"]
[PlyCount "96"]
[EventDate "2019.06.20"]

1. Nf3 Nf6 2. g3 g6 3. Bg2 Bg7 4. O-O O-O 5. d3 d5 6. Nbd2 c5 7. e4 Nc6 8. Re1
Bg4 9. h3 Bxf3 10. Bxf3 Ne5 11. Bg2 dxe4 12. Nxe4 Nxe4 13. Bxe4 Qd7 14. Bg2
Rac8 15. Rb1 Nc6 16. Be3 b6 17. Kh2 e5 18. h4 Qd6 19. h5 Nd4 20. h6 Bh8 21. c4
Nf5 22. Bc1 Rcd8 23. Be4 Ne7 24. g4 Qf6 25. Kg3 g5 26. Rh1 Qd6 27. Bxg5 Bf6 28.
Be3 Ng6 29. g5 Be7 30. Qg4 Qd7 31. Bf5 Qc7 32. Qe4 Rd6 33. Rh5 Rfd8 34. Bxg6
Rxg6 35. Kf3 Qd6 36. Ke2 Qe6 37. Rbh1 Rf8 38. R1h3 f5 39. gxf6 Bxf6 40. Rg3
Rxg3 41. fxg3 Kh8 42. Rf5 Be7 43. Rxf8+ Bxf8 44. Bf4 Qg4+ 45. Kf2 exf4 46. Qe5+
Kg8 47. Qd5+ Kh8 48. Qe5+ Kg8 1/2-1/2

[Event "Campeonato Brasileiro Amador 2019 U1800"]
[Site "Sao Paulo"]
[Date "2019.06.20"]
[Round "2.9"]
[White "Jafet Junior, Carlos"]
[Black "Rodio, Julia Brunetto"]
[Result "0-1"]
[WhiteElo "1628"]
[BlackElo "1756"]
[PlyCount "74"]
[EventDate "2019.06.20"]

1. e4 c5 2. Nc3 a6 3. g3 e6 4. Bg2 Nc6 5. d3 Nf6 6. f4 d5 7. exd5 exd5 8. Nf3
Be7 9. O-O O-O 10. Ne2 d4 11. Bd2 Nd5 12. c3 Bf5 13. Bc1 Bf6 14. Ne5 Bxe5 15.
fxe5 Bg4 16. h3 Bxe2 17. Qxe2 dxc3 18. bxc3 Nxc3 19. Qb2 Qd4+ 20. Kh2 Nxe5 21.
Qxb7 Qxd3 22. Qe7 Rae8 23. Qxc5 Nc4 24. Rf3 Qc2 25. Ba3 Ne4 26. Qb4 Rb8 27. Qe1
Rfe8 28. Bc1 Ned2 29. Qf2 Nxf3+ 30. Qxf3 Re1 31. Bf4 Rxa1 32. Bxb8 Qd1 33. Qf2
Qd8 34. Bf4 g5 35. Be3 Nxe3 36. Qxe3 Rxa2 37. Qb3 Re2 0-1

[Event "Campeonato Brasileiro Amador 2019 U1800"]
[Site "Sao Paulo"]
[Date "2019.06.20"]
[Round "2.10"]
[White "Borges, Leonardo Hisao Herai"]
[Black "Lima, Aine Carolina"]
[Result "1/2-1/2"]
[WhiteElo "1748"]
[BlackElo "1665"]
[PlyCount "65"]
[EventDate "2019.06.20"]

1. Nf3 d5 2. g3 Bf5 3. Bg2 c6 4. c4 e6 5. O-O Nf6 6. d3 Bd6 7. Be3 Nbd7 8. Qb3
Qc7 9. Rc1 dxc4 10. Qxc4 O-O 11. h3 e5 12. Nc3 a6 13. Qa4 Nb6 14. Qb3 Nbd5 15.
Nxd5 Nxd5 16. Bc5 Bxc5 17. Rxc5 Be6 18. Ng5 Nf4 19. Qc2 Nxg2 20. Nxe6 fxe6 21.
Kxg2 Rad8 22. Qb3 Rd5 23. Rac1 Qd6 24. R5c4 Rf7 25. a4 Rd4 26. Rc5 e4 27. dxe4
Rxe4 28. R1c2 Qd4 29. e3 Qd1 30. R5c4 Qd5 31. Kg1 Qd1+ 32. Kg2 Qd5 33. Kg1
1/2-1/2

[Event "Campeonato Brasileiro Amador 2019 U1800"]
[Site "Sao Paulo"]
[Date "2019.06.20"]
[Round "2.11"]
[White "Mesquita, Arnaldo Leite"]
[Black "Da Justa, Saulo Freitas"]
[Result "0-1"]
[WhiteElo "1741"]
[BlackElo "1659"]
[PlyCount "68"]
[EventDate "2019.06.20"]

1. Nf3 d5 2. c4 e6 3. e3 Nf6 4. Nc3 Be7 5. d4 O-O 6. Bd3 Nbd7 7. O-O b6 8. cxd5
exd5 9. Bd2 Bb7 10. Qc2 c5 11. Ne5 a6 12. Bf5 g6 13. Bh3 Rc8 14. Qb3 c4 15. Qc2
b5 16. f4 Rc7 17. a3 Bd6 18. Ne2 Qe7 19. Ba5 Rcc8 20. Bc3 Ra8 21. Ng3 a5 22.
Qd2 b4 23. axb4 axb4 24. Nxd7 Nxd7 25. Rfb1 f5 26. Rxa8 Bxa8 27. Ra1 bxc3 28.
Qxc3 Bb4 29. Qc1 Re8 30. e4 fxe4 31. Ra7 Bc6 32. f5 Bc5 33. Rc7 Bxd4+ 34. Kh1
Qd6 0-1

[Event "Campeonato Brasileiro Amador 2019 U1800"]
[Site "Sao Paulo"]
[Date "2019.06.20"]
[Round "2.12"]
[White "Jenidarchiche, Douglas Rodrigo"]
[Black "Da Rosa, Henrique Jaze Simoes"]
[Result "0-1"]
[WhiteElo "1737"]
[BlackElo "1645"]
[PlyCount "68"]
[EventDate "2019.06.20"]

1. d4 d5 2. c4 c6 3. cxd5 cxd5 4. Nc3 Nc6 5. e4 e6 6. e5 Nge7 7. Nf3 Nf5 8. Be3
Be7 9. Bd3 O-O 10. O-O f6 11. Bxf5 exf5 12. Qb3 fxe5 13. dxe5 f4 14. Bd4 Nxd4
15. Nxd4 Bc5 16. Nf3 Be6 17. Qxb7 Rc8 18. Rad1 d4 19. Qa6 Bb6 20. Nxd4 Bc4 21.
Ndb5 Qg5 22. Qb7 f3 23. g3 Qg4 24. Qd7 Be6 25. Rd4 Qh3 26. Qxe6+ Qxe6 27. Rh4
Bd8 28. Nd4 Qxe5 29. Re4 Qh5 30. h4 g5 31. hxg5 Bxg5 32. Nd5 Qh3 33. Nxf3 Rxf3
34. Re5 Rxg3+ 0-1

[Event "Campeonato Brasileiro Amador 2019 U1800"]
[Site "Sao Paulo"]
[Date "2019.06.20"]
[Round "2.13"]
[White "Pereira Fo, Hildebrando Apolonio"]
[Black "De Moura, Valderi Nascimento"]
[Result "0-1"]
[WhiteElo "1550"]
[BlackElo "1735"]
[PlyCount "104"]
[EventDate "2019.06.20"]

1. c4 e6 2. Nc3 Nf6 3. Nf3 c5 4. g3 Nc6 5. Bg2 Be7 6. d3 d5 7. cxd5 exd5 8. O-O
d4 9. Nb5 a6 10. Na3 Ra7 11. Nc4 b5 12. Nce5 Bb7 13. Bf4 Nxe5 14. Nxe5 Bxg2 15.
Kxg2 Qd5+ 16. Nf3 Nh5 17. Bd2 f5 18. Kg1 O-O 19. Bg5 Bxg5 20. Nxg5 f4 21. Ne4
Raf7 22. g4 Nf6 23. Nxf6+ Rxf6 24. f3 h5 25. h3 Re8 26. Rf2 Rfe6 27. Qc2 c4 28.
Qd2 Re3 29. Kg2 Qe5 30. Kf1 c3 31. Qc2 a5 32. Re1 a4 33. Kg2 Qf6 34. Rh1 Qe6
35. bxc3 dxc3 36. Re1 Qf6 37. Rh1 Qc6 38. Kf1 h4 39. Kg2 b4 40. Rb1 Rb8 41.
Rff1 Qe6 42. Rfe1 b3 43. axb3 axb3 44. Qxc3 Rxe2+ 45. Kf1 Rxe1+ 46. Rxe1 Qd5
47. Qc4 Qxc4 48. dxc4 b2 49. Rb1 Rb3 50. Ke2 Kf7 51. Kd2 Rxf3 52. Rxb2 Rf2+ 0-1

[Event "Campeonato Brasileiro Amador 2019 U1800"]
[Site "Sao Paulo"]
[Date "2019.06.20"]
[Round "2.14"]
[White "Jardim, Tamiris Salvador"]
[Black "Lara, Diego Costa"]
[Result "0-1"]
[WhiteElo "1339"]
[BlackElo "1729"]
[PlyCount "112"]
[EventDate "2019.06.20"]

1. e4 e6 2. d4 d5 3. Nc3 Bb4 4. Bd3 c5 5. a3 cxd4 6. axb4 dxc3 7. exd5 Qxd5 8.
Nf3 Nc6 9. bxc3 Ne5 10. Be2 Qxd1+ 11. Bxd1 Nc4 12. Be2 Nb6 13. O-O Nf6 14. Bd3
O-O 15. Rd1 a6 16. c4 Bd7 17. Ne5 Bc8 18. Bg5 Nfd7 19. Nf3 f6 20. Be3 Rb8 21.
b5 axb5 22. cxb5 Nd5 23. Bc4 N7b6 24. Bxb6 Nxb6 25. Bb3 Re8 26. Rd6 Nd5 27.
Bxd5 exd5 28. Rxd5 Be6 29. Rd6 Bc4 30. b6 Re2 31. Rd2 Rbe8 32. h3 Bb5 33. Rad1
Ba4 34. Rd8 Rxc2 35. Rxe8+ Bxe8 36. Rd8 Kf7 37. Nd4 Rb2 38. Rd6 Rb4 39. Nc2
Rb1+ 40. Kh2 Ke7 41. Rd2 Rxb6 42. Nd4 Bd7 43. g4 Rd6 44. Kg3 b5 45. Kf3 Ra6 46.
Re2+ Kd6 47. Rb2 Kc5 48. Nc2 Kc4 49. Ke3 Kc3 50. Nb4 Re6+ 51. Kf4 Kxb2 52. Nd3+
Ka3 53. Nc5 Rd6 54. Ne4 Rd4 55. Ke3 Rxe4+ 56. Kxe4 b4 0-1

[Event "Campeonato Brasileiro Amador 2019 U1800"]
[Site "Sao Paulo"]
[Date "2019.06.20"]
[Round "2.15"]
[White "Martins De Aguiar, Marina"]
[Black "Conrado, Carlos Alberto"]
[Result "1-0"]
[WhiteElo "1724"]
[BlackElo "1447"]
[PlyCount "35"]
[EventDate "2019.06.20"]

1. e4 c6 2. Nf3 d5 3. Nc3 Bg4 4. Be2 e6 5. d4 Bd6 6. h3 Bxf3 7. Bxf3 c5 8. exd5
exd5 9. dxc5 Bxc5 10. Bxd5 Qb6 11. Qf3 Nf6 12. O-O Nxd5 13. Nxd5 Qc6 14. Re1+
Kf8 15. Nf6 Qxf6 16. Qxf6 gxf6 17. Bh6+ Kg8 18. Re8+ 1-0

[Event "Campeonato Brasileiro Amador 2019 U1800"]
[Site "Sao Paulo"]
[Date "2019.06.20"]
[Round "2.19"]
[White "Sato, Claudio Takeshi"]
[Black "Teles, Lucas Marquetotti"]
[Result "1-0"]
[WhiteElo "1609"]
[BlackElo "1790"]
[PlyCount "59"]
[EventDate "2019.06.20"]

1. b3 Nf6 2. Bb2 d6 3. d4 g6 4. Nf3 Bg7 5. e3 c6 6. Bd3 O-O 7. O-O d5 8. Nbd2
b6 9. Ne5 Nfd7 10. f4 f6 11. Nxd7 Bxd7 12. c4 Bc8 13. e4 dxe4 14. Bxe4 f5 15.
Bf3 Bxd4+ 16. Bxd4 Qxd4+ 17. Kh1 Rd8 18. Qe2 Qf6 19. Rad1 Rd7 20. g4 Bb7 21.
gxf5 gxf5 22. Rg1+ Kh8 23. Qg2 Na6 24. Rde1 Rad8 25. Nf1 Ba8 26. Re6 Qf7 27.
Bxc6 Bxc6 28. Rxc6 Rd6 29. Rxd6 exd6 30. Qb2+ 1-0

[Event "Campeonato Brasileiro Amador 2019 U1800"]
[Site "Sao Paulo"]
[Date "2019.06.20"]
[Round "2.20"]
[White "Hayashi, Kaito"]
[Black "Silva, Rodrigo Souza"]
[Result "0-1"]
[WhiteElo "1561"]
[BlackElo "1769"]
[PlyCount "70"]
[EventDate "2019.06.20"]

1. e4 c5 2. Nf3 e6 3. d4 cxd4 4. Nxd4 Nc6 5. Nc3 Qc7 6. Be3 a6 7. Qd2 Nf6 8. f3
b5 9. O-O-O Bb7 10. g4 Be7 11. h4 Rc8 12. h5 Nxd4 13. Bxd4 e5 14. Be3 d5 15.
exd5 Nxd5 16. Nxd5 Bxd5 17. Be2 Bxa2 18. f4 Bb3 19. Bd3 O-O 20. fxe5 Qxe5 21.
Bxh7+ Kxh7 22. Qd3+ Kg8 23. Qxb3 Rc4 24. Kb1 Rb4 25. Qa3 Re4 26. Qxa6 Rxe3 27.
h6 Bf6 28. c3 Re2 29. hxg7 Bxg7 30. Qa5 Qe4+ 31. Ka1 Qa4+ 32. Qxa4 bxa4 33. Rd5
a3 34. bxa3 Bxc3+ 35. Kb1 Ra8 0-1

[Event "Campeonato Brasileiro Amador 2019 U1800"]
[Site "Sao Paulo"]
[Date "2019.06.20"]
[Round "2.21"]
[White "Loss, Victor Pinheiro Cost"]
[Black "Arruda Filho, Ivo Pereira De"]
[Result "1/2-1/2"]
[WhiteElo "1412"]
[BlackElo "1742"]
[PlyCount "125"]
[EventDate "2019.06.20"]

1. e4 e5 2. Nf3 Nf6 3. Nxe5 d6 4. Nf3 Nxe4 5. Qe2 Qe7 6. d3 Nf6 7. Bg5 Nbd7 8.
Nc3 Qxe2+ 9. Bxe2 Be7 10. O-O O-O 11. Rfe1 a6 12. Bf1 Re8 13. Re2 h6 14. Rae1
Kf8 15. Bc1 Nb6 16. h3 Bd7 17. g3 Nbd5 18. Nxd5 Nxd5 19. Bg2 Nb4 20. a3 Nc6 21.
Nd2 Bf6 22. Rxe8+ Rxe8 23. Rxe8+ Kxe8 24. c3 b6 25. Ne4 Bd8 26. d4 d5 27. Nd2
Ne7 28. Nf3 f6 29. Ne1 Bf5 30. Kf1 c6 31. Ke2 Bc7 32. Nd3 a5 33. b3 Bd6 34. g4
Bd7 35. c4 Kf7 36. c5 Bc7 37. cxb6 Bxb6 38. Nc5 Bc8 39. Bd2 f5 40. f3 g5 41. b4
Bxc5 42. bxc5 Ba6+ 43. Ke1 a4 44. Bf1 Bxf1 45. Kxf1 fxg4 46. hxg4 Ng6 47. Ke2
Nf4+ 48. Kd1 Ne6 49. Be3 Nc7 50. f4 gxf4 51. Bxf4 Nb5 52. Bxh6 Nxa3 53. Bc1 Nc4
54. Kc2 Kg6 55. Kc3 Kf6 56. Kb4 a3 57. Bxa3 Kg5 58. Bc1+ Kxg4 59. Bh6 Kf3 60.
Bg5 Ke4 61. Bf6 Kd3 62. Be5 Ke4 63. Bg7 1/2-1/2